Statistics for Sovereign Emblems of Countries that Start with A

Click here to take the quiz!

General Stats

  • This quiz has been taken 17 times
    (12 since last reset)
  • The average score is 10 of 11

Answer Stats

Answer% Correct
Afghanistan
100%
Albania
100%
Australia
100%
Austria
100%
Algeria
91%
Andorra
91%
Angola
91%
Argentina
91%
Azerbaijan
91%
Antigua and Barbuda
82%
Armenia
64%

Score Distribution

Percentile by Number Answered

Percent of People with Each Score

Your Score History

You have not taken this quiz since the last reset